Rocky Horror Picture Show - I Can Make You A Man Lyrics - Statistics

General Stats
  • This quiz has been taken 8 times
  • The average score is 82 of 153
Answer Stats
Answer % Correct
A
100%
a
100%
I
100%
in
100%
In
100%
an
83%
And
83%
and
83%
can
83%
The
83%
he
83%
He
83%
his
83%
His
83%
make
83%
man
83%
the
83%
to
83%
When
83%
Will
83%
you
83%
arms
67%
days
67%
do
67%
Do
67%
ground
67%
just
67%
kicked
67%
pounds
67%
seven
67%
up
67%
weighing
67%
with
67%
work
67%
98
50%
chin
50%
face
50%
from
50%
get
50%
gym
50%
He'll
50%
jerk
50%
legs
50%
Oh
50%
pores
50%
sand
50%
sweat
50%
ups
50%
weakling
50%
As
33%
baby
33%
be
33%
But
33%
cause
33%
chest
33%
clean
33%
determined
33%
dynamic
33%
eat
33%
for
33%
hard
33%
him
33%
If
33%
of
33%
only
33%
press
33%
soon
33%
strong
33%
tension
33%
bit
17%
don't
17%
effort
17%
eggs
17%
gleam
17%
glisten
17%
honey
17%
knew
17%
little
17%
massage
17%
Must
17%
my
17%
nutritious
17%
pink
17%
plan
17%
quite
17%
raw
17%
shoulders
17%
snatch
17%
steam
17%
Such
17%
swallow
17%
thinks
17%
Try
17%
works
17%
wrong
17%
build
0%
high
0%
hm
0%
living
0%
protein
0%
strenuous
0%
understand
0%
No matching quizzes found
Score Distribution
Percent of People with Each Score
Percentile by Number Answered
Your Score History
You have not taken this quiz